Pflanzen mit F - Statistiken

Allgemein
  • Dieses Quiz wurde 110 mal gespielt
  • Das Durchschnittsergebnis liegt bei 5 aus 14
Antwortstatistiken
Hinweis Antwort % Korrekt
Trockenobst Feige
84%
Baum des Jahres 2017 Fichte
71%
Lila Flieder
69%
12.000 Arten Gefäßsporenpflanzen Farn
60%
Rapunzel Feldsalat
59%
weltweit verbreitete Gemüse-, Gewürz- und Heilpflanze Fenchel
59%
Zierstrauch mit gelben Blüten Forsythie
43%
Digitalis Fingerhut
40%
Zierpflanze aus Lateinamerika, nach deutschem Botaniker benannt Fuchsie
26%
Orchidee, meist Größe 37 bis 40 Frauenschuh
25%
Amarant Fuchsschwanz
7%
winterhärter als das herkömmliche Wurzelgemüse Frühlingszwiebel
3%
rosa-rote Blüten Fleißiges Lieschen
2%
Wasserpflanze des Jahres 2019 Froschbiss
0%
Keine übereinstimmenden Quizze gefunden
Verteilung der Resultate
Anzahl Personen mit jedem Resultat
Perzentil nach korrekt beantworteten Fragen
Ihre Resultats-Entwicklung
Sie haben dieses Quiz noch nicht gespielt